000 00565nam a2200229Ia 4500
003 OSt
005 20250628105719.0
008 210423s2004 xx 000 0 und d
020 _a415136660
040 _cAL
041 _aeng
082 _a006.6
_223
_b CAWM
100 _aTony Cawkell
_987939
245 _aMultimedia handbook
260 _aLondon
_bRoutledge & Kegan Paul
_c2004
300 _axv,461
_bPB
365 _b1295
_cINR
650 _aComputer Methods
_987940
650 _aGeneral
_987941
906 _ahandbook. ; Multimedia
942 _2ddc
_cBK
999 _c157420
_d157420